| 000 | 00589cam a22002291 4500 | ||
|---|---|---|---|
| 001 | sa 63001267 | ||
| 003 | DLC | ||
| 005 | 20260227111926.0 | ||
| 008 | 950217s1962 ii 000 1 hino | ||
| 010 | _asa 63001267 | ||
| 025 | _aPL480:I-H-533 | ||
| 035 | _a(OCoLC)32010079 | ||
| 040 |
_aDLC _cCU _dCU _dDLC |
||
| 042 | _apremarc | ||
| 050 | 0 | 0 |
_aPK2042 _b.S47 |
| 100 | 1 |
_aSharma, S. P., _d1920- |
|
| 245 | 1 | 0 | _aKahānī-kalā, vikāsa aura itihāsa. |
| 260 | _c[1962] | ||
| 300 |
_a260 p. _c22 cm. |
||
| 500 | _aIn Hindi. | ||
| 650 | 0 |
_aShort stories, Hindi _xHistory and criticism. |
|
| 999 |
_c53881 _d53881 |
||